00366nam a2200157Ia 4500003000400000005001700004008004000021020001800061040000700079041001200086082001700098100002400115245003300139260002800172300000800200OSt20260210114918.0210210b2005 xxu||||| |||| 00| 0 eng d a0 385 60790 3 cAL aEnglish a823.087 PAOE aChristopher Paolini aEldest Inheritance book two. aLondonbDoubledayc2005 a681